01129nam a22001697a 4500008004100000020001500041082001800056100003400074110003000108245009800138260004700236300002800283505055200311650004700863655001500910700003400925140829b xxu||||| |||| 00| 0 eng d a9977674116 a972.86bM722h aMolina, Ivan y Palmer, Steven aUniversidad de Costa Rica aHistoria de Costa RicabBreve, actualizada y con ilustracionescIván Molina y Steven Palmer aSan JosébEditorial de Costa Rica c2002 a148 pbill. col.c21 cm tDel paseo al pasado. Tras los pasos de los Cazadores (12000 a.c.-1500 d.c.). Caciscazgos y señorios (1500-1570). Conquista y Resistencia (1502-1570). Encomienda y Esclavitud (1570-1750). Comerciantes y Campesinos (1750-1850). Café, Capitalismo y Estado Liberal (1850-1890). Diversificación Económica y Conflicto Social (1890-1930).Depresión, Reformas sociales y Guerra civil (1930-1950). La edad de oro de la clase media (19750 - 1978). Crisis, Ajuste Estructural y Contrarreforma social (1978 -1995). La excepcionalidad de Costa Rica.  aHistoria de Costa Ricaxsociedad y cultura asociologia aIván Molina y Steven Palmer